[Event "3rd Ordu Open 2017"]
[Site "Ordu TUR"]
[Date "2017.04.04"]
[Round "1.5"]
[White "Tanriverdi,Enes"]
[Black "Quparadze,G"]
[Result "0-1"]
[WhiteElo "2122"]
[BlackElo "2520"]

1.d4 Nf6 2.c4 e6 3.Nf3 b6 4.g3 Bb4+ 5.Nbd2 Ba6 6.Qc2 Bb7 7.Bg2 Be4 8.Qb3 Bxd2+
9.Bxd2 O-O 10.O-O d6 11.Rfd1 Nbd7 12.Rac1 Qe7 13.Qe3 a5 14.Bc3 Rfe8 15.b3 h6
16.Bf1 Bb7 17.Bh3 Ne4 18.Bb2 Ndf6 19.a3 c5 20.Rd3 a4 21.Rcd1 axb3 22.Rxb3 Qc7
23.Qc1 Ba6 24.Re3 cxd4 25.Rxd4 Bb7 26.Rd1 e5 27.Bf5 Qc6 28.Qb1 Ra4 29.Ba1 Rxc4
30.Qb3 b5 31.Qd3 g6 32.Bh3 Nc5 33.Qb1 Nd5 34.Rxe5 dxe5 35.Nxe5 Nc3 36.Nxc6
Nxb1 37.Ne7+ Kf8 38.Bf6 Nc3 39.Rd6 N3e4 {#R} 0-1

[Event "3rd Ordu Open 2017"]
[Site "Ordu TUR"]
[Date "2017.04.04"]
[Round "1.7"]
[White "Djavadov,R"]
[Black "Miron,L"]
[Result "0-1"]
[WhiteElo "2106"]
[BlackElo "2504"]

1.d4 d5 2.c4 e6 3.Nc3 c6 4.Nf3 dxc4 5.g3 b5 6.Bg2 Bb7 7.Ne5 f6 8.Ng4 a6 9.e4
Nd7 10.O-O e5 11.dxe5 Nxe5 12.Nxe5 Qxd1 13.Rxd1 fxe5 14.Be3 Nf6 15.f4 Be7
16.h3 Nd7 17.Rd2 O-O-O 18.Rad1 Bc5 19.Kf2 Bxe3+ 20.Kxe3 Nc5 21.Rxd8+ Rxd8
22.Rxd8+ Kxd8 23.Bf1 Ke7 24.fxe5 Ke6 25.Kf4 Nd7 26.Ne2 c5 27.a4 Nxe5 28.axb5
axb5 29.Ke3 Nf7 30.Nc3 Bc6 31.Ne2 Ke5 32.Bg2 Nd6 {#R} 0-1

[Event "3rd Ordu Open 2017"]
[Site "Ordu TUR"]
[Date "2017.04.04"]
[Round "1.8"]
[White "Malakhatko,V"]
[Black "Turan,Asim"]
[Result "1-0"]
[WhiteElo "2497"]
[BlackElo "2040"]

1.c4 e5 2.e3 Nf6 3.Nc3 Be7 4.Nf3 Nc6 5.a3 a5 6.Qc2 O-O 7.Be2 d5 8.cxd5 Nxd5
9.O-O Be6 10.Bb5 Bf6 11.Ne4 Bf5 12.Bxc6 bxc6 13.d3 Bxe4 14.dxe4 Ne7 15.Bd2 Qd7
16.Rfd1 Qe6 17.Rac1 Rfb8 18.Be1 g5 19.Nd2 Ra6 20.Qc4 Qxc4 21.Nxc4 a4 22.Rd7
Rb7 23.Ba5 Raa7 24.Bb4 Ng6 25.Na5 Rb5 26.Nxc6 Rab7 27.Na5 Rxb4 28.axb4 Rxb4
29.Nc4 Rb7 30.Rd5 Nf8 31.Ra5 Rb4 32.h3 Nd7 33.Rc2 Be7 34.Ra7 Nc5 35.Rxc7 Bf8
36.Nxe5 Nxe4 37.R7c4 {#r} 1-0

[Event "3rd Ordu Open 2017"]
[Site "Ordu TUR"]
[Date "2017.04.04"]
[Round "1.9"]
[White "Gokpinar,E"]
[Black "Haznedaroglu,K"]
[Result "0-1"]
[WhiteElo "1984"]
[BlackElo "2496"]

1.d4 Nf6 2.c4 e6 3.Nf3 c5 4.e3 b6 5.Nc3 cxd4 6.exd4 Bb7 7.Bd3 Be7 8.O-O O-O
9.Bg5 d6 10.Qe2 Nbd7 11.Rfd1 Rc8 12.b4 h6 13.Bxf6 Nxf6 14.a4 a5 15.bxa5 d5
16.Ne5 dxc4 17.Bxc4 bxa5 18.Rd3 Bb4 19.Rad1 Qe7 20.Qa2 Rfd8 21.Ne2 Nd5 22.Rf3
Rf8 23.Rg3 Rc7 24.Bb3 Rfc8 25.Rf3 Qh4 26.Rh3 Qe4 27.Ng3 Qh7 28.Qa1 Nf4 29.Rh4
Nxg2 30.Rg4 h5 31.Rg5 Nf4 {#R} 0-1

[Event "3rd Ordu Open 2017"]
[Site "Ordu TUR"]
[Date "2017.04.04"]
[Round "1.10"]
[White "Wieczorek,O"]
[Black "Tinarlioglu,Emre"]
[Result "1-0"]
[WhiteElo "2484"]
[BlackElo "1804"]

1.e4 c5 2.Nf3 d6 3.d4 cxd4 4.Nxd4 Nf6 5.Nc3 a6 6.f4 e5 7.Nf3 Nc6 8.fxe5 dxe5
9.Qxd8+ Kxd8 10.Bg5 Be6 11.O-O-O+ Kc8 12.Nd5 Nd7 13.Be3 f6 14.Bc4 Bxd5 15.exd5
Na5 16.Bd3 b5 17.d6 Nb7 18.Be4 Rb8 19.Bc6 Nd8 20.Bd5 Bxd6 21.Ba7 Rb7 22.Bxb7+
Nxb7 23.Rd5 Kc7 24.Rhd1 f5 25.Ng5 Re8 26.Nf7 Re6 27.a4 bxa4 28.R5d3 Ndc5
29.Bxc5 Bxc5 30.Rd7+ {#r} 1-0

[Event "3rd Ordu Open 2017"]
[Site "Ordu TUR"]
[Date "2017.04.04"]
[Round "1.11"]
[White "Bekiragaoglu,Umut"]
[Black "Bajarani,U"]
[Result "0-1"]
[WhiteElo "1855"]
[BlackElo "2480"]

1.e4 e6 2.d4 d5 3.e5 c5 4.c3 Nc6 5.Nf3 Nge7 6.Na3 cxd4 7.cxd4 Nf5 8.Nc2 Qb6
9.Bd3 Bb4+ 10.Bd2 Bxd2+ 11.Qxd2 Qxb2 12.O-O Qb6 13.g4 Nfe7 14.Rab1 Qd8 15.Ne3
h6 16.Ng2 Qa5 17.Qe3 a6 18.h4 b5 19.g5 Bd7 20.h5 Qa4 21.Ngh4 hxg5 22.Qxg5 Nxd4
23.Rfc1 Ndc6 24.Bc2 Qa5 25.Bd3 Qc7 26.Kf1 O-O-O 27.Nd4 f6 28.Qxg7 Rdg8 29.Qxf6
Rf8 30.Nxc6 Nxc6 31.Rxc6 Qxc6 32.Qg5 Qb6 33.Rc1+ Kb8 34.f3 Qd4 35.Bg6 Qf4
36.Qxf4 Rxf4 37.Ng2 Rxf3+ 38.Ke2 Rg3 39.Ne1 b4 40.Kf2 Rc3 {#R} 0-1

[Event "3rd Ordu Open 2017"]
[Site "Ordu TUR"]
[Date "2017.04.04"]
[Round "1.12"]
[White "Maghalashvili,Da"]
[Black "Duran,Esma Doga"]
[Result "1-0"]
[WhiteElo "2469"]
[BlackElo "1847"]

1.Nf3 d5 2.g3 c6 3.Bg2 Bg4 4.O-O Nd7 5.d3 e5 6.Nbd2 Ngf6 7.e4 dxe4 8.dxe4 Bc5
9.h3 Bh5 10.Qe1 O-O 11.a4 a5 12.Nc4 Qc7 13.Bd2 b6 14.Nh4 Rfe8 15.Kh2 Bg6
16.Rd1 Rad8 17.f4 exf4 18.Bxf4 Qc8 19.Nxg6 hxg6 20.e5 Nh5 21.Qe4 Nxf4 22.Qxf4
Rf8 23.Nd6 Bxd6 24.Rxd6 Nb8 25.Qc4 Rxd6 26.exd6 Qe6 27.Qd4 c5 28.Qd3 Kh8
29.Rf2 Nd7 30.Re2 Ne5 31.Qe4 Re8 32.Qxe5 {#r} 1-0

[Event "3rd Ordu Open 2017"]
[Site "Ordu TUR"]
[Date "2017.04.04"]
[Round "1.14"]
[White "Draskovic,L"]
[Black "Peker,Serdar"]
[Result "1-0"]
[WhiteElo "2467"]
[BlackElo "1764"]

1.c4 c6 2.Nf3 d5 3.e3 Nf6 4.Nc3 e6 5.b3 Be7 6.Qc2 Nbd7 7.d4 O-O 8.Bd3 Re8
9.O-O Bf8 10.e4 dxc4 11.Bxc4 h6 12.Bb2 b6 13.d5 cxd5 14.exd5 exd5 15.Nxd5 Nxd5
16.Bxd5 Ba6 17.Rfd1 Qe7 18.Bxa8 Rxa8 19.Qc7 Nc5 20.Qxe7 Bxe7 21.Rd2 Nd3
22.Rad1 Nxb2 23.Rxb2 Bb5 24.Rc2 Bc5 25.Rcd2 Be7 26.Nd4 Bd7 27.Nc2 Bg4 28.Re1
Bf6 29.Rd6 Rc8 30.Ne3 Be6 31.Nd5 Bd8 32.Nf4 Bc7 33.Rc6 Bd7 34.Rc4 {#r} 1-0

[Event "3rd Ordu Open 2017"]
[Site "Ordu TUR"]
[Date "2017.04.04"]
[Round "1.15"]
[White "Aydogdu,Cagatay"]
[Black "Klekowski,M"]
[Result "0-1"]
[WhiteElo "1820"]
[BlackElo "2467"]

1.e4 c5 2.Nf3 Nc6 3.g3 g6 4.Bg2 Bg7 5.O-O d6 6.d3 e5 7.c4 Nge7 8.Nc3 O-O 9.Be3
h6 10.Qd2 Kh7 11.a3 f5 12.Nd5 Nxd5 13.cxd5 Ne7 14.Rab1 g5 15.Qc2 Qe8 16.Bc1
Bd7 17.Nd2 b5 18.b3 f4 19.Bb2 g4 20.Rfc1 Rc8 21.Ra1 h5 22.Rcb1 h4 23.a4 hxg3
24.fxg3 Bh6 25.axb5 fxg3 26.Nc4 Rf2 27.Qc3 Qh5 28.hxg3 Rxg2+ 29.Kxg2 Qh3+
30.Kg1 Qxg3+ 31.Kh1 Qh3+ 32.Kg1 Be3+ 33.Nxe3 Qxe3+ 34.Kg2 Qf3+ 35.Kg1 Qg3+
36.Kf1 Rf8+ 37.Ke2 Rf2+ 38.Kd1 Qf3+ {#R} 0-1

[Event "3rd Ordu Open 2017"]
[Site "Ordu TUR"]
[Date "2017.04.04"]
[Round "1.16"]
[White "Khamrakulov,D"]
[Black "Demirtas,Hafize"]
[Result "1-0"]
[WhiteElo "2451"]
[BlackElo "1750"]

1.e4 Nc6 2.Nf3 e5 3.d4 exd4 4.Nxd4 Nf6 5.Nc3 Bc5 6.Be3 Bb4 7.Nxc6 bxc6 8.Bd3
d5 9.exd5 cxd5 10.O-O O-O 11.h3 Bb7 12.Bg5 Re8 13.Qf3 Re6 14.Ne2 Rb6 15.Rad1
h6 16.Bc1 Bd6 17.Nd4 c5 18.Nf5 c4 19.Nxd6 Rxd6 20.Bxc4 Ne4 21.Bb3 a5 22.Rd4
Rf6 23.Qh5 Raa6 24.Bxd5 Rad6 25.Bxe4 Rxd4 26.Bxb7 Rg6 27.c3 Rh4 28.Qf5 Re6
29.Bd5 g6 30.Qd3 Kg7 31.c4 Rd6 32.Qc3+ Kg8 33.b3 Kh7 34.Bb2 f6 35.Re1 Rh5
36.Re4 Rf5 37.g4 Rfxd5 38.cxd5 h5 39.Qe3 {#r} 1-0

[Event "3rd Ordu Open 2017"]
[Site "Ordu TUR"]
[Date "2017.04.04"]
[Round "1.18"]
[White "Mammadov,Z"]
[Black "Catal,Uktenur"]
[Result "1-0"]
[WhiteElo "2422"]
[BlackElo "1615"]

1.e4 c5 2.c3 d5 3.exd5 Qxd5 4.d4 Nf6 5.Nf3 e6 6.Bd3 cxd4 7.cxd4 Nc6 8.O-O Be7
9.Nc3 Qd6 10.Bg5 O-O 11.Rc1 a6 12.Qd2 Rd8 13.Rfd1 Nd5 14.Bb1 g6 15.Bh6 Nxc3
16.bxc3 Qd7 17.Qf4 Qd6 18.Qe3 Qd7 19.c4 Bc5 20.Rd3 Bb6 21.Qf4 f5 22.d5 exd5
23.cxd5 Nb4 24.Qxb4 {#r} 1-0

[Event "3rd Ordu Open 2017"]
[Site "Ordu TUR"]
[Date "2017.04.04"]
[Round "1.20"]
[White "Manik,M"]
[Black "Karagollu,Baran Ilyas"]
[Result "1-0"]
[WhiteElo "2415"]
[BlackElo "1605"]

1.e4 Nc6 2.Nf3 e5 3.Bb5 a6 4.Ba4 Nf6 5.O-O Be7 6.Re1 b5 7.Bb3 O-O 8.h3 d6 9.c3
Na5 10.Bc2 c5 11.d4 cxd4 12.cxd4 Qc7 13.Nbd2 h6 14.Nf1 Re8 15.b3 Bf8 16.Bb2
Bb7 17.Rc1 Rac8 18.Bb1 Qb8 19.d5 b4 20.Qd2 Ba8 21.Ne3 Qb6 22.Qe2 Nb7 23.Nc4
Qb5 24.Bd3 Nc5 25.Nxd6 Qxd3 26.Nxc8 Qxe2 27.Rxe2 Nd3 28.Rc7 Nxb2 29.Rxb2 Nxe4
30.Nb6 f6 31.Ra7 Rb8 32.Nxa8 Bc5 33.Rxa6 Nc3 34.Rc6 {#r} 1-0

[Event "ch-GER Women 2017"]
[Site "Bad Wiessee GER"]
[Date "2017.04.04"]
[Round "5.4"]
[White "Kluge,He"]
[Black "Frey,Al"]
[Result "0-1"]
[WhiteElo "1940"]
[BlackElo "2055"]

1.d4 Nf6 2.Bg5 c5 3.dxc5 Ne4 4.Be3 e6 5.Nd2 Nxc5 6.c3 d5 7.f3 b6 8.Bf2 Bb7
9.e3 a6 10.a4 Be7 11.Nb3 Nbd7 12.Nd4 Ne5 13.b4 Ncd7 14.a5 Qc7 15.Qb3 O-O
16.Bg3 Bd6 17.Be2 Rfc8 18.f4 Nc6 19.axb6 Nxb6 20.b5 Nxd4 21.cxd4 axb5 22.Rxa8
Rxa8 23.Qxb5 Bc6 24.Qb1 Nc4 25.Bf2 Qa5+ {#R} 0-1

[Event "ch-GER Women 2017"]
[Site "Bad Wiessee GER"]
[Date "2017.04.04"]
[Round "5.6"]
[White "Schmidt,Jad"]
[Black "Klotz,Sonja"]
[Result "1-0"]
[WhiteElo "2131"]
[BlackElo "2005"]

1.d4 d5 2.c4 e6 3.Nc3 c6 4.cxd5 exd5 5.Qc2 g6 6.Bf4 Bf5 7.Qb3 Qb6 8.Qxb6 axb6
9.Rc1 b5 10.a3 Nd7 11.Nf3 b4 12.axb4 Bxb4 13.Nd2 Ngf6 14.f3 O-O 15.g4 Be6
16.e3 Rfe8 17.Bd3 Nb6 18.O-O Na4 19.Nxa4 Bxd2 20.Ra1 Ra5 21.Nc5 b6 22.Nb3 Rxa1
23.Rxa1 Bb4 24.Ra7 Re7 25.Ra4 c5 26.Bd6 Bd7 27.Rxb4 Rxe3 28.Rxb6 c4 29.Bxc4
dxc4 30.Nc5 h6 31.Be5 Rxf3 32.Bxf6 Bc8 33.Kg2 Rf4 34.h3 h5 35.Rc6 Be6 36.Nxe6
fxe6 37.Rc8+ Kf7 38.Be5 Re4 39.Rc7+ Ke8 40.Kf3 Re1 41.gxh5 gxh5 42.Rxc4 {#r}
1-0

[Event "ch-GER Women 2017"]
[Site "Bad Wiessee GER"]
[Date "2017.04.04"]
[Round "5.10"]
[White "Roos,K"]
[Black "Henrichs,W"]
[Result "0-1"]
[WhiteElo "1836"]
[BlackElo "1973"]

1.e4 e6 2.d4 d5 3.exd5 exd5 4.Qf3 Be6 5.Bd3 Nc6 6.c3 Qd7 7.h3 Bd6 8.Ne2 Nge7
9.g4 O-O-O 10.Be3 Ng6 11.Nf4 Nh4 12.Qg3 g5 13.Nd2 gxf4 14.Bxf4 Bxf4 15.Qxh4
Ne7 16.O-O-O Ng6 17.Qf6 Bd6 18.Rde1 Nf4 19.Bc2 h5 20.Nf3 hxg4 21.hxg4 Rxh1
22.Rxh1 Bxg4 23.Rh7 Qe6 24.Qxe6+ fxe6 25.Ng5 Rf8 26.f3 Bf5 27.Ba4 Nd3+ {#R}
0-1

[Event "World Amateur U2300"]
[Site "Spoleto ITA"]
[Date "2017.04.04"]
[Round "5.2"]
[White "Skreno,V"]
[Black "Ghannoum,M"]
[Result "0-1"]
[WhiteElo "2223"]
[BlackElo "2234"]

1.d4 f5 2.g3 Nf6 3.c4 g6 4.Bg2 Bg7 5.Nc3 O-O 6.e3 d6 7.d5 e5 8.dxe6 c6 9.e7
Qxe7 10.Nge2 Na6 11.O-O Be6 12.b3 Rad8 13.Ba3 Rfe8 14.Qc2 Nc5 15.Rad1 Bc8
16.Rd2 Bh6 17.b4 Nce4 18.Nxe4 Nxe4 19.Rd3 Be6 20.Nf4 Bf7 21.h4 Bg7 22.Rfd1 h6
23.b5 g5 24.hxg5 hxg5 25.Nh3 Qe6 26.c5 Bh5 27.f3 Nxg3 28.Qf2 f4 29.Nxg5 Qe5
30.exf4 Ne2+ 31.Kf1 Nxf4 32.Ne4 Nxd3 33.Rxd3 Qa1+ {#R} 0-1

[Event "World Amateur U2300"]
[Site "Spoleto ITA"]
[Date "2017.04.04"]
[Round "5.3"]
[White "Win,T"]
[Black "Bigabylov"]
[Result "1-0"]
[WhiteElo "2230"]
[BlackElo "2186"]

1.e4 c5 2.Nc3 Nc6 3.g3 g6 4.Bg2 Bg7 5.Nge2 d6 6.d3 Rb8 7.Be3 Nd4 8.O-O b5
9.Qd2 b4 10.Nd1 Nxe2+ 11.Qxe2 e6 12.Qd2 Ne7 13.Bh6 O-O 14.a3 Qc7 15.Re1 e5
16.Bxg7 Kxg7 17.f4 f6 18.Rf1 a5 19.Ne3 Bd7 20.f5 g5 21.h4 h6 22.Rf2 Be8 23.Bf3
Nc6 24.Rh2 bxa3 25.bxa3 Bf7 26.Kg2 Rh8 27.Rah1 Nd4 28.Bd1 Rbg8 29.c3 Nb3
30.Bxb3 Bxb3 31.c4 Qd8 32.Qb2 a4 33.Qd2 Kf7 34.hxg5 hxg5 35.Rh7+ Rxh7 36.Rxh7+
Rg7 37.Rh6 Ke7 38.Nd5+ Kd7 39.Nxf6+ Kc6 40.Nd5 g4 41.f6 Rb7 42.Rh4 Bxc4
43.dxc4 Rb3 44.Rh7 {#r} 1-0

[Event "World Amateur U2300"]
[Site "Spoleto ITA"]
[Date "2017.04.04"]
[Round "5.6"]
[White "Ugrenovic,B"]
[Black "Marmili,G"]
[Result "1-0"]
[WhiteElo "2225"]
[BlackElo "2190"]

1.Nf3 d5 2.c4 c6 3.b3 Bg4 4.Bb2 Nd7 5.g3 e6 6.Bg2 Ngf6 7.O-O Bd6 8.d4 Bxf3
9.exf3 O-O 10.f4 b6 11.Nd2 Rc8 12.Nf3 c5 13.Ne5 cxd4 14.Nxd7 Qxd7 15.cxd5 Bc5
16.dxe6 Qxe6 17.Re1 Qd6 18.Qd3 Rfe8 19.Red1 Rcd8 20.Bf3 h5 21.h4 a5 22.Kg2 Qe6
23.Rac1 g6 24.Rc2 Ne4 25.Re2 f5 26.a3 Qd6 27.Bxe4 fxe4 28.Rxe4 Rxe4 29.Qxe4
Kf7 30.b4 {#r} 1-0

[Event "World Amateur U2300"]
[Site "Spoleto ITA"]
[Date "2017.04.04"]
[Round "5.7"]
[White "Pogosyan,Stefan"]
[Black "Bognar,C"]
[Result "1-0"]
[WhiteElo "2387"]
[BlackElo "2166"]

1.d4 Nf6 2.c4 g6 3.Nc3 Bg7 4.g3 O-O 5.Bg2 d6 6.Nf3 Nbd7 7.O-O e5 8.e4 c6 9.Re1
Re8 10.h3 Qc7 11.Be3 Nf8 12.d5 c5 13.Nd2 N6d7 14.Qc2 Nb8 15.f4 f5 16.Kh1 h5
17.fxe5 Bxe5 18.Bf4 Qd8 19.Bxe5 Rxe5 20.Nf3 Re8 21.Qd2 fxe4 22.Nxe4 Rxe4
23.Rxe4 Bf5 24.Rf4 Qd7 25.Re1 Na6 26.Kh2 Nb4 27.Nh4 Nd3 28.Nxf5 Nxe1 29.Nh6+
Kg7 30.Rf7+ Qxf7 31.Nxf7 Nxg2 32.Nxd6 Rd8 33.Ne4 {#r} 1-0

[Event "World Amateur U2300"]
[Site "Spoleto ITA"]
[Date "2017.04.04"]
[Round "5.10"]
[White "Sahil,Tic"]
[Black "Grapsa,G"]
[Result "1-0"]
[WhiteElo "2222"]
[BlackElo "2049"]

1.d4 Nf6 2.c4 e6 3.Nc3 Bb4 4.Qc2 O-O 5.a3 Bxc3+ 6.Qxc3 b6 7.Bg5 Bb7 8.e3 h6
9.Bh4 d5 10.f3 c5 11.dxc5 Ne4 12.Bxd8 Nxc3 13.Be7 Re8 14.Bd6 Na4 15.cxd5 exd5
16.Bb5 Bc6 17.Bxa4 Bxa4 18.Kf2 bxc5 19.Bxc5 Nd7 20.Bd4 Rab8 21.Ne2 Ne5 22.Bxe5
Rxe5 23.b4 Rbe8 24.Nc3 Bb3 25.Rhe1 a5 26.Nb5 axb4 27.axb4 Bc4 28.Nd4 R5e7
29.Rab1 Rb7 30.Red1 Rb6 31.Rb2 g6 32.g4 Kg7 33.h3 Kf6 34.Nc2 Ke5 35.Rd4 f5
36.gxf5 gxf5 37.f4+ Kf6 38.Rd1 Reb8 39.Kf3 R8b7 40.Kf2 Rb8 41.Rd2 R8b7 42.Rb1
Ra6 43.Nd4 Rab6 44.b5 Ra7 45.h4 Rbb7 46.h5 Rg7 47.b6 Ra8 48.b7 Rb8 49.Rb6+ Kf7
50.Nc6 {#r} 1-0

[Event "World Amateur U2300"]
[Site "Spoleto ITA"]
[Date "2017.04.04"]
[Round "5.12"]
[White "Dudin,Gleb"]
[Black "Kanep,S"]
[Result "1-0"]
[WhiteElo "2031"]
[BlackElo "2173"]

1.c4 Nf6 2.Nf3 g6 3.g3 Bg7 4.Bg2 O-O 5.O-O d6 6.Qc2 e5 7.d3 Nc6 8.a3 a5 9.b3
e4 10.dxe4 Nxe4 11.Bb2 Nc5 12.Bxg7 Kxg7 13.Nc3 Bf5 14.e4 Bg4 15.Nd5 Bxf3
16.Bxf3 Nd4 17.Qc3 Nxb3 18.Rab1 a4 19.Rxb3 axb3 20.Qxd4+ f6 21.Qb2 c6 22.Nf4
Qe7 23.Qxb3 Ra5 24.Rb1 b5 25.Qc3 Rfa8 26.cxb5 cxb5 27.e5 R8a7 28.exf6+ Qxf6
29.Qc8 Rxa3 30.Rxb5 Qe7 31.Kg2 Ra1 32.Rb8 {#r} 1-0

[Event "World Amateur U2300"]
[Site "Spoleto ITA"]
[Date "2017.04.04"]
[Round "5.14"]
[White "Lam,Daniel King-wai"]
[Black "Lujan,Nelson"]
[Result "1-0"]
[WhiteElo "2202"]
[BlackElo "2012"]

1.e4 c5 2.Nf3 e6 3.d4 cxd4 4.Nxd4 a6 5.Bd3 Qc7 6.O-O Nc6 7.Nxc6 dxc6 8.Nd2 e5
9.Qe2 Nf6 10.a4 a5 11.Nc4 Bc5 12.Bg5 Qe7 13.Kh1 h6 14.Bd2 Bb4 15.c3 Bc5 16.f4
Bg4 17.Qe1 exf4 18.Rxf4 Be6 19.Qe2 Bxc4 20.Bxc4 O-O-O 21.e5 Rhe8 22.Re1 Nd5
23.Re4 Qd7 24.Bc1 Re6 25.Qg4 Rg6 26.Qf3 Re6 27.b4 axb4 28.cxb4 Ba7 29.b5 f6
30.bxc6 bxc6 31.Bb2 Ree8 32.e6 Qb7 33.Ba3 Nc7 34.e7 Rd4 35.Rxd4 Bxd4 36.Qg4+
{#r} 1-0

[Event "World Amateur U2300"]
[Site "Spoleto ITA"]
[Date "2017.04.04"]
[Round "5.17"]
[White "Hurtado Bahamonde,R"]
[Black "Faraoni,E"]
[Result "1-0"]
[WhiteElo "2133"]
[BlackElo "2062"]

1.e4 d6 2.d4 Nf6 3.Nc3 g6 4.Nf3 Bg7 5.Be2 O-O 6.O-O Bg4 7.h3 Bxf3 8.Bxf3 Nbd7
9.Be3 e5 10.Qd3 a6 11.Rfd1 h6 12.Be2 Qe7 13.f4 Rfd8 14.fxe5 dxe5 15.d5 Ne8
16.Qc4 Kh7 17.d6 cxd6 18.Nd5 Qe6 19.Qb4 f5 20.Qxb7 h5 21.exf5 gxf5 22.Bg5 Rab8
23.Qxa6 Nc5 24.Qc4 e4 25.Rab1 Qg6 26.h4 Be5 27.Ne7 Qg7 28.Rf1 f4 29.b4 f3
30.bxc5 Bd4+ 31.Kh1 Rxb1 32.Rxb1 {#r} 1-0

[Event "World Amateur U2300"]
[Site "Spoleto ITA"]
[Date "2017.04.04"]
[Round "5.21"]
[White "Paolillo,Gaia"]
[Black "Battistella,S"]
[Result "1-0"]
[WhiteElo "2011"]
[BlackElo "2067"]

1.Nf3 g6 2.c4 Bg7 3.g3 e5 4.Nc3 Nc6 5.Bg2 d6 6.O-O Be6 7.d3 h6 8.Rb1 Nge7 9.b4
Qd7 10.b5 Nd8 11.Re1 O-O 12.e4 Kh7 13.Nd5 f5 14.Nxe7 Qxe7 15.exf5 gxf5 16.Bb2
c5 17.bxc6 Nxc6 18.Qe2 Qf7 19.Nd4 Nxd4 20.Bxd4 Bc8 21.Bc3 Rb8 22.c5 f4 23.Be4+
Kh8 24.cxd6 f3 25.Qe3 b6 26.Bc6 Bd7 27.Be4 Qh5 28.Bd5 Rbe8 29.Rb4 Bg4 30.h4 a5
31.Rxb6 Bd7 32.Bc6 Rf4 33.Bb7 Kh7 34.Ra6 Ref8 35.Be4+ Kh8 36.Ra8 Rxa8 37.Bxa8
Rf8 38.Bd5 Qg4 39.Bxe5 {#r} 1-0

[Event "World Amateur U2300"]
[Site "Spoleto ITA"]
[Date "2017.04.04"]
[Round "5.22"]
[White "Khulan,Enkhsaikhan"]
[Black "Verrascina,R"]
[Result "1-0"]
[WhiteElo "2003"]
[BlackElo "2190"]

1.g3 g6 2.Bg2 Bg7 3.Nf3 Nf6 4.O-O O-O 5.d4 d6 6.Re1 Nbd7 7.e4 e5 8.c3 h6
9.Nbd2 b6 10.dxe5 dxe5 11.Nc4 Qe7 12.b3 Rd8 13.Ba3 Qe8 14.Qc2 Ba6 15.Ne3 Bb7
16.Nd2 Bf8 17.Bxf8 Kxf8 18.Nd5 Kg7 19.Nxc7 Qe7 20.Nxa8 Bxa8 21.Rad1 h5 22.Nc4
h4 23.Ne3 Rh8 24.Nd5 Qf8 25.c4 hxg3 26.hxg3 Ng4 27.Ne3 Ndf6 28.f3 Nxe3 29.Rxe3
Nh5 30.Qc3 Qe7 31.f4 Nf6 32.Qxe5 Qxe5 33.fxe5 Ng4 34.Red3 Nxe5 35.Rd8 Rxd8
36.Rxd8 Bc6 37.Kf2 Kf6 38.Ke3 Ke7 39.Rd1 g5 40.Kd4 f6 41.Rh1 Be8 42.Rh7+ Bf7
43.Bf1 Nf3+ 44.Ke3 Ne5 45.Be2 g4 46.Kf4 {#r} 1-0

[Event "World Amateur U2300"]
[Site "Spoleto ITA"]
[Date "2017.04.04"]
[Round "5.23"]
[White "Petruccioli,A"]
[Black "Levina,A"]
[Result "0-1"]
[WhiteElo "1986"]
[BlackElo "2059"]

1.Nf3 d5 2.g3 c5 3.Bg2 Nc6 4.O-O e5 5.a3 Nf6 6.d3 Be6 7.b4 cxb4 8.axb4 Bxb4
9.Bb2 Qc7 10.Na3 O-O 11.c4 Rfd8 12.Nb5 Qb6 13.cxd5 Nxd5 14.Qa4 a6 15.Na3 f6
16.Rfc1 Bc5 17.e3 Nxe3 18.fxe3 Bxe3+ 19.Kh1 Bxc1 20.Bxc1 Rxd3 21.Bd2 Rad8
22.Be1 Qb3 23.Qxb3 Bxb3 24.Kg1 Rd1 25.Rb1 Rxb1 26.Nxb1 Bc2 27.Nc3 b5 28.Nd2
Nd4 29.Bd5+ Kf8 30.Bb7 b4 31.Nd5 b3 32.Kf2 b2 33.Nc3 a5 34.Ndb1 a4 35.Ba6 Ra8
36.Bc4 a3 37.Nd2 Rb8 38.Ncb1 Ra8 39.Ba2 Bg6 40.Nc3 Bf7 41.Ndb1 Nc2 42.Bxf7
Kxf7 43.Na2 Nxe1 44.Kxe1 Ke6 45.Kd2 e4 46.Nbc3 Ke5 47.Kc2 f5 48.Nb4 Rc8 49.Na2
g5 50.Kb1 f4 {#R} 0-1

[Event "World Amateur U2300"]
[Site "Spoleto ITA"]
[Date "2017.04.04"]
[Round "5.27"]
[White "Fiori,H"]
[Black "De Weird,Matthias"]
[Result "1-0"]
[WhiteElo "2158"]
[BlackElo "1952"]

1.e4 e5 2.Nf3 Nc6 3.Bb5 Nd4 4.Bc4 Qf6 5.Nxd4 exd4 6.O-O Bc5 7.d3 Ne7 8.f4 O-O
9.Qh5 d6 10.f5 h6 11.g4 d5 12.g5 hxg5 13.Bxg5 Qe5 14.Bxe7 Bxe7 15.Bxd5 c6
16.Bb3 g6 17.Qxg6+ Qg7 18.Kh1 Qxg6 19.fxg6 Be6 20.gxf7+ Bxf7 21.Rxf7 Rxf7
22.Nd2 Kf8 23.Bxf7 Kxf7 24.Nf3 c5 25.Rg1 Rh8 26.Ne5+ Kf6 27.Ng6 Rh7 28.Nxe7
Rxe7 29.Rf1+ Kg5 30.Rf5+ Kg4 31.Kg2 b6 32.b3 Kh4 33.Rf4+ Kh5 34.Kf3 Re6 35.Rf8
b5 36.Kf4 Ra6 37.a3 Rc6 38.e5 a5 39.Kf5 Kh4 40.e6 Rc7 41.Rf7 Rc8 42.e7 {#r}
1-0

[Event "World Amateur U2300"]
[Site "Spoleto ITA"]
[Date "2017.04.04"]
[Round "5.30"]
[White "Hewson,Brian W R"]
[Black "Lopez,Jorge Hernan"]
[Result "0-1"]
[WhiteElo "2060"]
[BlackElo "1962"]

1.d4 Nf6 2.Nf3 g6 3.c4 Bg7 4.Nc3 O-O 5.e4 d6 6.h3 e5 7.Be3 Nc6 8.d5 Ne7 9.Be2
Nh5 10.g3 f5 11.Bg5 Nf6 12.Nd2 h6 13.Bxf6 Rxf6 14.Qc2 f4 15.O-O-O Bd7 16.g4 a6
17.f3 b5 18.cxb5 axb5 19.Bxb5 Bxb5 20.Nxb5 c6 21.dxc6 Nxc6 22.Qb3+ Kh7 23.Nc4
Rb8 24.Qa4 Bf8 25.Rd3 Qd7 26.Nc3 Qc8 27.Nd5 Rf7 28.Rc3 Nd4 29.Rh2 Qd8 30.Qa5
Qh4 31.Rd3 Qg3 32.Rh1 Qg2 33.Qe1 Qc2# 0-1

[Event "World Amateur U2300"]
[Site "Spoleto ITA"]
[Date "2017.04.04"]
[Round "5.31"]
[White "Palma,Maria"]
[Black "Akeya-Price,Robert"]
[Result "0-1"]
[WhiteElo "1976"]
[BlackElo "1706"]

1.c4 Nf6 2.Nf3 e6 3.g3 d5 4.Bg2 dxc4 5.Qa4+ Nbd7 6.Qxc4 a6 7.Qc2 c5 8.O-O b5
9.a4 Bb7 10.axb5 axb5 11.Rxa8 Qxa8 12.Na3 Bc6 13.d3 Be7 14.Bg5 O-O 15.Nh4 h6
16.Bxc6 Qxc6 17.Bxf6 Nxf6 18.Nf3 Qb7 19.Qb3 Rb8 20.Ra1 Ra8 21.Rc1 Rb8 22.Nd2
Qb6 23.h3 Qb7 24.Nab1 Nd5 25.Nc3 Bg5 26.Nce4 Bxd2 27.Nxd2 Qb6 28.Qa3 Rc8
29.Ne4 c4 30.Nd6 b4 31.Nxc8 bxa3 32.Nxb6 axb2 33.Re1 Nxb6 34.dxc4 Nxc4 35.Rb1
Kf8 36.f3 Ke7 37.Kf2 Kd6 38.Ke1 Kc5 39.Kd1 Kd4 40.Kc2 Na3+ 41.Kxb2 Nxb1
42.Kxb1 Ke3 43.f4 Kxe2 44.g4 Kf3 45.f5 exf5 46.gxf5 f6 47.Kc2 Kf4 48.Kd2 Kxf5
49.Ke3 g5 50.Kf3 h5 {#R} 0-1

[Event "11th ch-SRB w 2017"]
[Site "Zemun SRB"]
[Date "2017.04.04"]
[Round "7.1"]
[White "Miladinovic,L"]
[Black "Nestorovic,Katarina"]
[Result "1-0"]
[WhiteElo "2168"]
[BlackElo "2046"]

1.Nf3 Nf6 2.c4 e6 3.Nc3 Bb4 4.Qc2 b6 5.g3 Bb7 6.Bg2 O-O 7.a3 Bxc3 8.Qxc3 Ne4
9.Qc2 f5 10.O-O c5 11.b4 Na6 12.b5 Nc7 13.d3 Nf6 14.a4 a6 15.Bf4 d6 16.a5 axb5
17.axb6 Rxa1 18.Rxa1 Na8 19.Ng5 Bxg2 20.Nxe6 Qc8 21.Nxf8 Bb7 22.cxb5 Qxf8
23.Ra7 Qb8 24.Bxd6 Qxd6 25.Rxb7 Nxb6 26.Qa2+ Qd5 27.Qxd5+ Nbxd5 28.b6 Kf8
29.Rb8+ Ke7 30.b7 Nd7 31.Rg8 {#r} 1-0

[Event "ch-KAZ Women 2017"]
[Site "Almaty KAZ"]
[Date "2017.04.04"]
[Round "2.4"]
[White "Ankudinova,Y"]
[Black "Mukhit,Aisezym"]
[Result "1-0"]
[WhiteElo "2166"]
[BlackElo "2016"]

1.f4 d5 2.Nf3 e6 3.b3 Nf6 4.Bb2 b6 5.e3 Bb7 6.Bb5+ c6 7.Be2 c5 8.Ne5 Bd6
9.Bb5+ Nbd7 10.Nxd7 Nxd7 11.Qg4 Rg8 12.O-O Qe7 13.f5 O-O-O 14.Bxd7+ Qxd7
15.fxe6 fxe6 16.d3 h5 17.Qg6 Qe8 18.Qxe8 Rdxe8 19.Nd2 g5 20.Rf7 h4 21.Raf1 Re7
22.Rf8+ Re8 23.Rxe8+ Rxe8 24.Rf6 g4 25.Rg6 g3 26.h3 d4 27.e4 Rf8 28.Nf3 Kd7
29.Rg7+ Kc6 30.Bc1 Bf4 31.Bxf4 Rxf4 32.Re7 Bc8 33.Rh7 b5 34.Rxh4 Rxh4 35.Nxh4
c4 36.Kf1 cxd3 37.cxd3 b4 38.Ke2 Kd6 39.Nf3 e5 40.Nd2 Ke6 41.Kf3 a5 42.Kxg3
Kf6 43.Nc4 Ba6 44.Kf3 Bb5 45.h4 a4 46.g4 {#r} 1-0